Words in Capitals Quiz Stats

Quiz Updated Mar 8, 2012

Also try: Capital Gains
Challenge
Share
Tweet
Embed
Score 0/32 Timer 05:00
0 Plays Today
Word US capital % Correct
anyAlbany
73.1%
gustAugusta
66.6%
cordConcord
65.9%
denDenver/Providence
64.2%
tinAustin
60.7%
fordHartford
54%
singLansing
51.3%
overDover
49.3%
busColumbus
44.7%
ashNashville
44.5%
cramSacramento
44.4%
napAnnapolis/Indianapolis
35.4%
rankFrankfort
35.1%
hasTallahassee
34.2%
topTopeka
33.6%
banAlbany
31.5%
Word US capital % Correct
leiRaleigh
31.4%
amenSacramento
27.9%
antAtlanta/Santa Fe
27.8%
heyCheyenne
26.5%
rentTrenton
24.8%
piePierre
24.6%
allTallahassee
23%
aleRaleigh/Salem
22.2%
burHarrisburg
21.8%
ringSpringfield
21.5%
marBismarck
17%
lieMontpelier
16.8%
arcBismarck
15.6%
lestCharleston
15.3%
hoePhoenix
14.7%
illNashville
12.3%

You're not logged in!

Compare scores with friends on all Sporcle quizzes.
Sign Up with Email
OR
Log In

You Might Also Like...

Show Comments

Extras

Top Quizzes Today


Score Distribution

Your Account Isn't Verified!

In order to create a playlist on Sporcle, you need to verify the email address you used during registration. Go to your Sporcle Settings to finish the process.

Report this User

Report this user for behavior that violates our Community Guidelines.

Details: